000 00985cam a2200301 a 4500
001 1561928
003 LC
005 20160301102254.0
008 921104s1993 nyub 000 1 eng
010 _a 92042584
020 _a0312853890 (acidfree paper) :
_c$19.95 ($25.95 Can.)
040 _aDLC
_cDLC
_dDLC
_dOCoLC
050 0 0 _aPS 3551.N73 .An628 1993
082 0 0 _aFIC
_bAn8d 1993
100 1 _aAnthony, Piers.
_917293
245 1 0 _aDemons don't dream /
_cPiers Anthony.
250 _a1st ed.
260 _aNew York :
_bTOR,
_cc1993.
300 _a304 p. :
_c18 cm.
490 1 _aXanth ;
_v#16
650 0 _aXanth (Imaginary place)
_xFiction.
_917304
655 7 _aFantasy fiction.
_2gsafd
_93053
800 1 _aAnthony, Piers.
_tXanth ;
_v#16.
_917305
906 _a7
_bcbc
_corignew
_d1
_eocip
_f19
_gy-gencatlg
942 _2lcc
_cBK
999 _c10907
_d10907